| 000 | 00862nam a22002657a 4500 | ||
|---|---|---|---|
| 003 | FranzMayer | ||
| 005 | 20250820170603.0 | ||
| 008 | 250820b2024 |||o|||| |||| 001 0 eng d | ||
| 020 | _a979-8-9901624-0-2 | ||
| 040 |
_aBMFM _cBMFM |
||
| 050 | 4 |
_aNK9155 _b.I43 |
|
| 100 | 1 |
_aSteel, Hillary L. _d1959- _930030 |
|
| 245 | 1 |
_aIkat Traditions: _bThe Mexican Jaspe Rebozo / _cHillary Steel with Virgina Davis |
|
| 260 |
_bHillary L. Steel, _c2024 |
||
| 300 |
_a213 p., _bfotografías a color, _cxxx cm |
||
| 650 | 1 | 0 |
_aRebozos (Textiles) _930031 |
| 650 | 1 | 0 |
_aIkat (Textiles) _930032 |
| 651 | 0 |
_aMéxico _xTextiles _930033 |
|
| 651 | 0 |
_aMéxico _xArtesanía _930034 |
|
| 651 | 0 |
_aMéxico _xTrajes y vestimenta _930035 |
|
| 700 | 1 |
_eescritora del prologo _aTurok, Marta _923269 |
|
| 700 | 1 |
_d1929-2023 _930036 _aVirginia, Davis |
|
| 902 | _aKH | ||
| 942 |
_2lcc _cB |
||
| 999 |
_c11087 _d11087 |
||